[Event "zonal 1.6 (w)"]
[Site "Oryol RUS"]
[Date "1995.??.??"]
[Round "6"]
[White "Styazhkina, Olga"]
[Black "Roschina, Tatiana"]
[Result "1-0"]
[WhiteElo "2355"]
[BlackElo "2190"]
[EventDate "1995.??.??"]
[PlyCount "79"]

1.e4 c5 2.Nc3 Nc6 3.g3 g6 4.Bg2 Bg7 5.d3 e6 6.Be3 d6 7.f4 Nge7 8.Nf3 Nd4 
9.O-O O-O 10.e5 dxe5 11.Nxe5 Rb8 12.Ne4 b6 13.c3 Ndc6 14.Nxc6 Nxc6 15.Nxc5
bxc5 16.Bxc6 Qd6 17.Be4 Rxb2 18.Qc1 Re2 19.Bf2 c4 20.Qd1 Rb2 21.dxc4 Qc7 
22.Qa4 Bxc3 23.Rac1 Ba5 24.Rfd1 Rb4 25.Qc6 Qb8 26.Rb1 Rb2 27.Bd4 Rxb1 28.
Rxb1 Qc7 29.Qxc7 Bxc7 30.Bxa7 Ba6 31.c5 f5 32.Bf3 e5 33.fxe5 Bxe5 34.c6 
Ra8 35.Bc5 Bc8 36.Re1 Bf6 37.a3 Ba6 38.c7 Bc3 39.Bxa8 Bxe1 40.Bd5+ 1-0

[Event "zonal 1.6 (w)"]
[Site "Oryol RUS"]
[Date "1995.??.??"]
[Round "6"]
[White "Umanskaya, Irina"]
[Black "Zaitseva, Ludmila"]
[Result "1/2-1/2"]
[WhiteElo "2345"]
[BlackElo "2320"]
[EventDate "1995.??.??"]
[PlyCount "59"]

1.Nf3 f5 2.g3 Nf6 3.Bg2 e6 4.O-O Be7 5.c4 O-O 6.Nc3 c6 7.b3 d5 8.d4 Ne4 9.
Na4 Nd7 10.Nb2 Qe8 11.Nd3 Qh5 12.Bb2 g5 13.Nfe5 Ndf6 14.f3 Nd6 15.c5 Nf7 
16.e4 Nxe5 17.Nxe5 Nd7 18.Nxd7 Bxd7 19.e5 Qg6 20.Qd3 h5 21.f4 gxf4 22.gxf4
Kh7 23.Kh1 Rg8 24.Bh3 Qh6 25.Qf3 Rg7 26.Rg1 Rag8 27.Rxg7+ Rxg7 28.Rg1 Be8 
29.Rxg7+ Qxg7 30.Qf1 1/2-1/2

[Event "zonal 1.6 (w)"]
[Site "Oryol RUS"]
[Date "1995.??.??"]
[Round "7"]
[White "Minogina, Tamara"]
[Black "Umanskaya, Irina"]
[Result "1/2-1/2"]
[WhiteElo "2240"]
[BlackElo "2345"]
[EventDate "1995.??.??"]
[PlyCount "87"]

1.e4 c5 2.Nc3 Nc6 3.g3 g6 4.Bg2 Bg7 5.d3 d6 6.Nh3 e6 7.O-O Nge7 8.f4 O-O 
9.Be3 b6 10.g4 f5 11.gxf5 exf5 12.Rb1 Rb8 13.Nd5 Kh8 14.c3 Ng8 15.Bf2 Nce7
16.Bh4 Qd7 17.Qe1 Nxd5 18.exd5 h6 19.Qg3 Qf7 20.Rbe1 Bd7 21.Nf2 Rbe8 22.
Nd1 Rxe1 23.Rxe1 Re8 24.Ne3 Bb5 25.Bf1 Bf6 26.Bxf6+ Nxf6 27.c4 Bd7 28.Ng2 
Kh7 29.Re3 Ng4 30.Rxe8 Qxe8 31.h3 Nf6 32.Kf2 Qe7 33.Be2 Ne8 34.h4 Qf6 35.
b3 Qd4+ 36.Qe3 Qxe3+ 37.Kxe3 Kg7 38.d4 Kf6 39.a3 a5 40.Ne1 g5 41.hxg5+ 
hxg5 42.fxg5+ Kxg5 43.Nf3+ Kf6 44.dxc5 1/2-1/2

[Event "zonal 1.6 (w)"]
[Site "Oryol RUS"]
[Date "1995.??.??"]
[Round "7"]
[White "Roschina, Tatiana"]
[Black "Kovalevskaya, Ekaterina"]
[Result "1-0"]
[WhiteElo "2190"]
[BlackElo "2370"]
[EventDate "1995.??.??"]
[PlyCount "81"]

1.e4 c5 2.Nf3 Nc6 3.d4 cxd4 4.Nxd4 Nf6 5.Nc3 d6 6.Bg5 e6 7.Bb5 Bd7 8.Bxc6 
bxc6 9.Qf3 Qa5 10.h4 Rb8 11.Nb3 Qb4 12.O-O-O h6 13.Bd2 Qb7 14.e5 dxe5 15.
Ne4 Nxe4 16.Qxe4 c5 17.Qxe5 c4 18.Na5 Qb5 19.Nxc4 Rc8 20.Qxb5 Bxb5 21.Ne5 
Bc5 22.Be1 Ke7 23.Nd3 Bd6 24.b3 Bxd3 25.Rxd3 Rhd8 26.Kb1 Bc5 27.Rhh3 e5 
28.c4 e4 29.Rxd8 Rxd8 30.Kc2 h5 31.Rg3 g6 32.Rg5 Bd4 33.Ra5 Rd7 34.Bb4+ 
Ke6 35.Bc5 Bxc5 36.Rxc5 Rd6 37.a4 f5 38.b4 f4 39.b5 e3 40.fxe3 fxe3 41.Rc6
1-0

[Event "zonal 1.6 (w)"]
[Site "Oryol RUS"]
[Date "1995.??.??"]
[Round "7"]
[White "Shumiakina, Tatiana"]
[Black "Kulish, Irina"]
[Result "1-0"]
[WhiteElo "2350"]
[BlackElo "2245"]
[EventDate "1995.??.??"]
[PlyCount "71"]

1.Nf3 Nf6 2.c4 b6 3.g3 Bb7 4.Bg2 c5 5.O-O e6 6.b3 d6 7.Bb2 Be7 8.Nc3 Nbd7 
9.e3 O-O 10.d4 cxd4 11.Nxd4 Bxg2 12.Kxg2 Qc7 13.f4 Qb7+ 14.Qf3 Qxf3+ 15.
Kxf3 Rfc8 16.Rfd1 a6 17.g4 Nb8 18.g5 Nfd7 19.h4 Nc6 20.Nde2 Nc5 21.Ng3 
Rab8 22.Nce4 Rd8 23.h5 Bf8 24.h6 Nxe4 25.Nxe4 d5 26.cxd5 exd5 27.Nf2 d4 
28.exd4 Ne7 29.d5 Nxd5 30.Ng4 f5 31.gxf6 gxh6 32.f7+ Kxf7 33.Ne5+ Ke6 34.
Nc6 Bd6 35.Nxd8+ Rxd8 36.f5+ 1-0

[Event "zonal 1.6 (w)"]
[Site "Oryol RUS"]
[Date "1995.??.??"]
[Round "7"]
[White "Strutinskaya, Galina"]
[Black "Stepovaya, Tatiana"]
[Result "1/2-1/2"]
[WhiteElo "2290"]
[BlackElo "2310"]
[EventDate "1995.??.??"]
[PlyCount "96"]

1.Nf3 Nf6 2.d4 e6 3.c4 d5 4.Nc3 c6 5.Bg5 Nbd7 6.cxd5 exd5 7.e3 Bd6 8.Bd3 
h6 9.Bh4 O-O 10.O-O Re8 11.Qc2 Nf8 12.Bf5 Bxf5 13.Qxf5 Qd7 14.Qxd7 N6xd7 
15.Bg3 Bxg3 16.hxg3 a5 17.b3 Ne6 18.Rfc1 Ra6 19.a4 Kf8 20.Ra2 Ke7 21.Ne1 
Kd6 22.Nd3 Rb6 23.Rb2 Nc7 24.Kf1 Na6 25.Ke2 Nb4 26.g4 Nxd3 27.Kxd3 Nf6 28.
f3 Re7 29.Ne2 h5 30.gxh5 Nxh5 31.e4 dxe4+ 32.fxe4 g6 33.Rf1 Kd7 34.Nc3 Ng7
35.Rfb1 Ne6 36.b4 Rxb4 37.Rxb4 axb4 38.Rxb4 Kc7 39.Rb2 f5 40.Kc4 fxe4 41.
Nxe4 Rd7 42.Rd2 Rd5 43.Nc3 Rg5 44.Re2 Kd7 45.Ne4 Ra5 46.Nc3 Rf5 47.Rb2 Kc7
48.Re2 Kd7 1/2-1/2

[Event "zonal 1.6 (w)"]
[Site "Oryol RUS"]
[Date "1995.??.??"]
[Round "7"]
[White "Zaitseva, Ludmila"]
[Black "Styazhkina, Olga"]
[Result "1-0"]
[WhiteElo "2320"]
[BlackElo "2355"]
[EventDate "1995.??.??"]
[PlyCount "99"]

1.d4 d5 2.Nf3 Nf6 3.e3 e6 4.Bd3 c5 5.b3 Qa5+ 6.c3 cxd4 7.exd4 Be7 8.O-O 
O-O 9.Ne5 Nc6 10.Qe2 Bd7 11.Bg5 Rfd8 12.Bxf6 Bxf6 13.Bxh7+ Kf8 14.Bd3 Ke7 
15.f4 Rh8 16.Qb2 Qb6 17.Qf2 Qa5 18.a4 Raf8 19.Qb2 Bxe5 20.fxe5 Qc7 21.Qf2 
f6 22.Qg3 Kd8 23.Na3 a6 24.b4 Be8 25.b5 Ne7 26.exf6 gxf6 27.Qxc7+ Kxc7 28.
bxa6 bxa6 29.Rfe1 Kd6 30.a5 Nc6 31.Nc2 Bd7 32.Reb1 Rb8 33.Bxa6 Rxb1+ 34.
Rxb1 Nxa5 35.Rf1 f5 36.Nb4 Nc4 37.Bxc4 dxc4 38.Ra1 Rh4 39.g3 Re4 40.Kf2 f4
41.Ra3 fxg3+ 42.hxg3 e5 43.Ra6+ Kc7 44.Nd5+ Kb7 45.Rb6+ Ka7 46.Rg6 Bg4 47.
Ne3 Bh5 48.Rg7+ Ka6 49.d5 Kb5 50.Rg5 1-0

[Event "zonal 1.6 (w)"]
[Site "Oryol RUS"]
[Date "1995.??.??"]
[Round "8"]
[White "Kovalevskaya, Ekaterina"]
[Black "Zaitseva, Ludmila"]
[Result "0-1"]
[WhiteElo "2370"]
[BlackElo "2320"]
[EventDate "1995.??.??"]
[PlyCount "128"]

1.e4 c6 2.d4 d5 3.Nc3 dxe4 4.Nxe4 Nf6 5.Nxf6+ exf6 6.Bc4 Bd6 7.Qe2+ Be7 8.
Be3 O-O 9.O-O-O Bd6 10.h4 b5 11.Bb3 a5 12.a4 bxa4 13.Bxa4 Qc7 14.Nh3 Nd7 
15.Qf3 Bb7 16.c3 Rfb8 17.h5 c5 18.d5 Ne5 19.Qe4 Ba6 20.Rd2 Qb6 21.b3 Bb5 
22.Kc2 f5 23.Qh4 Ng4 24.Bxb5 Qxb5 25.Rb1 a4 26.c4 axb3+ 27.Kd3 Ne5+ 28.Ke2
Qxc4+ 29.Qxc4 Nxc4 30.Rd3 b2 31.Kd1 Na3 32.Rxa3 Rxa3 33.Kc2 Be5 34.Bf4 
Bxf4 35.Nxf4 Ra4 36.Nd3 Rc4+ 37.Kd2 Rd4 38.Kc3 Rxd5 39.Nxb2 f4 40.Rh1 Rg5 
41.Rh2 Re8 42.Nd3 Rf5 43.Rh3 g5 44.hxg6 fxg6 45.f3 Re2 46.Rh2 Kg7 47.Nc1 
Re3+ 48.Kc4 g5 49.Rh1 Kg6 50.Rd1 h5 51.Rd6+ Rf6 52.Rd5 g4 53.Nd3 gxf3 54.
gxf3 Rf5 55.Rd6+ Kg5 56.Nxc5 Rxc5+ 57.Kxc5 Rxf3 58.Rd8 h4 59.Rg8+ Kf5 60.
Kd4 Rg3 61.Rh8 h3 62.Rh7 Kg4 63.Rh8 Kf3 64.Rh4 Kg2 0-1

[Event "zonal 1.6 (w)"]
[Site "Oryol RUS"]
[Date "1995.??.??"]
[Round "8"]
[White "Stepovaya, Tatiana"]
[Black "Kulish, Irina"]
[Result "0-1"]
[WhiteElo "2310"]
[BlackElo "2245"]
[EventDate "1995.??.??"]
[PlyCount "88"]

1.e4 e5 2.Nf3 Nc6 3.Bb5 f5 4.d3 fxe4 5.dxe4 Nf6 6.Bg5 Bb4+ 7.c3 Bc5 8.Nbd2
d6 9.b4 Bb6 10.Bc4 Qe7 11.Qe2 a5 12.b5 Nd8 13.O-O Ne6 14.Be3 Bxe3 15.fxe3 
O-O 16.Nh4 g6 17.Rf3 Kg7 18.Rg3 Nxe4 19.Nxe4 Qxh4 20.Bd5 Qe7 21.a4 Nd8 22.
Rd1 c6 23.Ba2 d5 24.Ng5 Ne6 25.Nxe6+ Bxe6 26.Qb2 Qc5 27.c4 dxc4 28.bxc6 
bxc6 29.h4 Rad8 30.Rc1 Rd3 31.Qe2 Rfd8 32.Bb1 Rd2 33.Qh5 Bf7 34.Rf1 Qe7 
35.Qf3 Bd5 36.Qg4 e4 37.h5 Rd6 38.h6+ Kxh6 39.Rh3+ Kg7 40.Rh4 c3 41.Qh3 h5
42.Rhf4 c2 43.Bxc2 Rxc2 44.Rb1 Be6 0-1

[Event "zonal 1.6 (w)"]
[Site "Oryol RUS"]
[Date "1995.??.??"]
[Round "8"]
[White "Styazhkina, Olga"]
[Black "Minogina, Tamara"]
[Result "1/2-1/2"]
[WhiteElo "2355"]
[BlackElo "2240"]
[EventDate "1995.??.??"]
[PlyCount "59"]

1.e4 c5 2.Nc3 e6 3.f4 d5 4.d3 Nf6 5.e5 Nfd7 6.Nf3 Nc6 7.g3 a6 8.a4 Be7 9.
Bg2 Rb8 10.O-O b5 11.axb5 axb5 12.Qe2 b4 13.Nd1 g6 14.Nf2 Nd4 15.Nxd4 cxd4
16.Bd2 Nc5 17.b3 Na6 18.g4 h5 19.h3 hxg4 20.hxg4 Rb6 21.Nh1 Rc6 22.Be1 Nc7
23.Ra4 Rb6 24.Qf3 Bd7 25.Ra2 Nb5 26.Ng3 Nc3 27.Bxc3 dxc3 28.d4 Bb5 29.Rfa1
Rb8 30.g5 1/2-1/2

[Event "zonal 1.6 (w)"]
[Site "Oryol RUS"]
[Date "1995.??.??"]
[Round "8"]
[White "Strutinskaya, Galina"]
[Black "Roschina, Tatiana"]
[Result "1-0"]
[WhiteElo "2290"]
[BlackElo "2190"]
[EventDate "1995.??.??"]
[PlyCount "105"]

1.Nf3 d5 2.d4 c5 3.c4 e6 4.cxd5 exd5 5.g3 Nf6 6.Bg2 Be7 7.O-O O-O 8.Nc3 h6
9.b3 Bf5 10.Bb2 Nbd7 11.Rc1 a6 12.Ne5 cxd4 13.Qxd4 Nb6 14.Rfd1 Be6 15.Nd3 
Qd6 16.Nf4 Rfd8 17.a4 Qb4 18.Qxb4 Bxb4 19.Na2 Bd6 20.a5 Bxf4 21.gxf4 Nbd7 
22.Nb4 Ne4 23.Nxd5 Ndc5 24.Ne7+ Kf8 25.Ba3 Ke8 26.Rxd8+ Rxd8 27.f5 Bxb3 
28.f6 gxf6 29.Nf5 Rd5 30.f3 Rxf5 31.fxe4 Nxe4 32.Bxe4 Rxa5 33.Bb2 Bd5 34.
Bxd5 Rxd5 35.Bxf6 Kd7 36.h4 a5 37.Kg2 b5 38.Bg7 h5 39.Kf3 b4 40.Ke4 Rd2 
41.e3 Rg2 42.Be5 Rg8 43.Rc7+ Ke6 44.Rc6+ Kd7 45.Ra6 Rg2 46.Rxa5 Kc6 47.Bd4
Rg4+ 48.Kd3 Rxh4 49.Rf5 Rh1 50.Kc4 h4 51.Rf6+ Kd7 52.Rxf7+ Ke6 53.Rf6+ 1-0

[Event "zonal 1.6 (w)"]
[Site "Oryol RUS"]
[Date "1995.??.??"]
[Round "8"]
[White "Umanskaya, Irina"]
[Black "Shumiakina, Tatiana"]
[Result "1-0"]
[WhiteElo "2345"]
[BlackElo "2350"]
[EventDate "1995.??.??"]
[PlyCount "141"]

1.d4 d5 2.c4 e6 3.Nf3 c6 4.Bg5 Be7 5.Bxe7 Qxe7 6.Nbd2 Nf6 7.e3 Nbd7 8.Be2 
O-O 9.O-O e5 10.cxd5 Nxd5 11.Nc4 exd4 12.Qxd4 N7f6 13.Qh4 Qe4 14.Nd6 Qxh4 
15.Nxh4 Rd8 16.Nxc8 Raxc8 17.Rfd1 g6 18.Nf3 Kf8 19.Ne5 Ke7 20.a3 Nb6 21.
Rxd8 Rxd8 22.Rd1 Rxd1+ 23.Bxd1 Nfd7 24.Nxd7 Nxd7 25.Kf1 Ne5 26.Be2 Kd6 27.
Ke1 f6 28.Kd2 h6 29.f4 Nd7 30.Bd3 g5 31.g3 Nb6 32.b3 Nd5 33.e4 Nc7 34.Ke3 
Ne6 35.Bc4 Nc5 36.b4 Nd7 37.Be2 c5 38.Bg4 Nb8 39.bxc5+ Kxc5 40.e5 fxe5 41.
fxg5 hxg5 42.Ke4 Nc6 43.Kf5 b5 44.Kxg5 b4 45.axb4+ Nxb4 46.h4 a5 47.h5 a4 
48.h6 a3 49.h7 a2 50.h8=Q a1=Q 51.Qf8+ Kc4 52.Be6+ Nd5 53.Qf3 Qd4 54.Kf5 
Kc5 55.Bxd5 Qxd5 56.Qe3+ Kd6 57.Qb6+ Kd7 58.Qa7+ Ke8 59.Qb8+ Kf7 60.Qc7+ 
Kg8 61.Qxe5 Qxe5+ 62.Kxe5 Kg7 63.Kf5 Kf7 64.Kg5 Kg7 65.g4 Kh7 66.Kf6 Kh6 
67.g5+ Kh7 68.Kf7 Kh8 69.Kg6 Kg8 70.Kh6 Kh8 71.g6 1-0

[Event "zonal 1.6 (w)"]
[Site "Oryol RUS"]
[Date "1995.??.??"]
[Round "9"]
[White "Kulish, Irina"]
[Black "Umanskaya, Irina"]
[Result "1/2-1/2"]
[WhiteElo "2245"]
[BlackElo "2345"]
[EventDate "1995.??.??"]
[PlyCount "32"]

1.e4 c5 2.Nf3 Nc6 3.Bb5 e6 4.O-O Nge7 5.Re1 a6 6.Bf1 Ng6 7.c3 Be7 8.d4 
cxd4 9.cxd4 d5 10.e5 O-O 11.Nc3 b5 12.Be3 Bb7 13.a4 b4 14.Na2 Qb6 15.Nc1 
Na5 16.b3 Rfc8 1/2-1/2

[Event "zonal 1.6 (w)"]
[Site "Oryol RUS"]
[Date "1995.??.??"]
[Round "9"]
[White "Minogina, Tamara"]
[Black "Kovalevskaya, Ekaterina"]
[Result "1/2-1/2"]
[WhiteElo "2240"]
[BlackElo "2370"]
[EventDate "1995.??.??"]
[PlyCount "149"]

1.d4 Nf6 2.c4 d6 3.Nc3 e5 4.d5 Nbd7 5.e4 Nc5 6.Qc2 a5 7.Nf3 g6 8.Be2 Bg7 
9.Bg5 h6 10.Be3 b6 11.Nd2 O-O 12.O-O Ng4 13.Bxg4 Bxg4 14.b3 Bd7 15.a3 f5 
16.exf5 gxf5 17.f3 Qf6 18.Rac1 Kh8 19.b4 Na6 20.Qb1 Rg8 21.Kh1 Qg6 22.Rg1 
Bf6 23.g3 Qh5 24.Rg2 Raf8 25.f4 Rg7 26.Ne2 Rfg8 27.Qb3 Rb8 28.Rb1 axb4 29.
axb4 c5 30.bxc5 bxc5 31.Qd1 Rgg8 32.Rxb8 Rxb8 33.fxe5 Bxe5 34.Bf4 Bg7 35.
Bxd6 Rb2 36.Qc1 Rb6 37.Bf4 Nb4 38.Qf1 Nc2 39.Nc1 Nd4 40.Nd3 Ba4 41.Nxc5 
Be8 42.Nd3 Ra6 43.Be5 Nc2 44.Bxg7+ Kxg7 45.Nf4 Qf7 46.Ne6+ Rxe6 47.dxe6 
Qxe6 48.Re2 Bc6+ 49.Kg1 Qf6 50.Qf4 Qa1+ 51.Nf1 Qa7+ 52.Rf2 Nd4 53.Qe3 Qa1 
54.Rf4 Be4 55.Rxe4 fxe4 56.Qxe4 Qc3 57.Qe7+ Kg6 58.c5 Nf3+ 59.Kg2 Ne5 60.
Qd6+ Kg7 61.Nd2 Qe3 62.Kh3 Nf7 63.Qd5 Ng5+ 64.Kg4 Qe2+ 65.Nf3 Nxf3 66.Qxf3
Qc4+ 67.Qf4 Qxc5 68.Qf5 Qe3 69.h3 Qe2+ 70.Kh4 Qe7+ 71.Kh5 Qe8+ 72.Kg4 Qe2+
73.Kh4 Qe7+ 74.Kh5 Qe8+ 75.Kg4 1/2-1/2

[Event "zonal 1.6 (w)"]
[Site "Oryol RUS"]
[Date "1995.??.??"]
[Round "9"]
[White "Roschina, Tatiana"]
[Black "Stepovaya, Tatiana"]
[Result "1/2-1/2"]
[WhiteElo "2190"]
[BlackElo "2310"]
[EventDate "1995.??.??"]
[PlyCount "144"]

1.e4 c5 2.Nf3 Nc6 3.d4 cxd4 4.Nxd4 Nf6 5.Nc3 e6 6.Ndb5 Bb4 7.a3 Bxc3+ 8.
Nxc3 d5 9.exd5 exd5 10.Bd3 h6 11.O-O O-O 12.Re1 d4 13.Ne2 a6 14.b4 Bg4 15.
Bb2 Qd7 16.Qd2 Rfd8 17.f3 Be6 18.a4 Rac8 19.b5 axb5 20.axb5 Ne5 21.Nxd4 
Nc4 22.Bxc4 Bxc4 23.Qf4 Rc5 24.Re5 Rd5 25.Nf5 Rd1+ 26.Re1 Rxa1 27.Bxa1 Qd2
28.Qxd2 Rxd2 29.Bxf6 gxf6 30.b6 Be6 31.Ne3 Rd6 32.Rb1 Rc6 33.Kf2 Kf8 34.
Rb5 f5 35.g3 Ke7 36.Ke2 Kd7 37.c4 Bxc4+ 38.Nxc4 Rxc4 39.Kd3 Rc6 40.Rxf5 
Ke7 41.Rb5 Kf6 42.h4 Kg6 43.h5+ Kf6 44.Kd4 Ke6 45.g4 f6 46.Kd3 Kd6 47.Ke4 
Ke6 48.Rb4 Rd6 49.Rb3 Rc6 50.Kd4 Kd6 51.f4 Ke6 52.f5+ Kd6 53.Re3 Kd7 54.
Rb3 Kd6 55.Rb2 Ke7 56.Kd5 Kd7 57.Rb5 Ke7 58.Rb4 Kd7 59.Rb1 Ke7 60.Rb2 Kd7 
61.Ra2 Rxb6 62.Ra8 Rb5+ 63.Kc4 Re5 64.Rh8 b5+ 65.Kd4 b4 66.Rb8 Re1 67.Rxb4
Rg1 68.Kd5 Rd1+ 69.Rd4 Rxd4+ 70.Kxd4 Kd6 71.Ke4 Kc6 72.Kd4 Kd6 1/2-1/2

[Event "zonal 1.6 (w)"]
[Site "Oryol RUS"]
[Date "1995.??.??"]
[Round "9"]
[White "Shumiakina, Tatiana"]
[Black "Styazhkina, Olga"]
[Result "1/2-1/2"]
[WhiteElo "2350"]
[BlackElo "2355"]
[EventDate "1995.??.??"]
[PlyCount "21"]

1.d4 d5 2.c4 e6 3.Nf3 c6 4.e3 Nf6 5.Bd3 Nbd7 6.O-O Bd6 7.Nc3 O-O 8.e4 dxe4
9.Nxe4 Nxe4 10.Bxe4 h6 11.Bc2 1/2-1/2